| 000 | 00488nam a2200193Ia 4500 | ||
|---|---|---|---|
| 008 | 131103s9999 xx 000 0 und d | ||
| 040 | _aLoreto College | ||
| 041 | _aEnglish | ||
| 082 |
_aREF3 _bLCBED |
||
| 100 | _aBarker, Eric J. | ||
| 245 |
_aRubber _cEric J. Barker & Alec Mayland |
||
| 260 |
_aLondon _bEvans _c1960 |
||
| 300 |
_a24p. _b ill. _c 20cm. |
||
| 440 | _aOur everyday needs; No.6 | ||
| 650 | _aREF3 | ||
| 700 | _aMayland, Alec | ||
| 850 | _aLCBED/REF3 | ||
| 942 | _cBK | ||
| 999 |
_c33399 _d83878 |
||